[Event "Dresden zt 1.2"]
[Site "Dresden"]
[Date "1998.05.01"]
[Round "4"]
[White "Cvitan, Ognjen"]
[Black "Ekstroem, Roland"]
[Result "1/2-1/2"]
[WhiteElo "2560"]
[BlackElo "2490"]
[EventDate "1998.04.28"]
[PlyCount "55"]

1.d4 Nf6 2.Nf3 d5 3.c4 e6 4.g3 dxc4 5.Bg2 a6 6.O-O b5 7.Ne5 Nd5 8.a4 Bb7 
9.axb5 axb5 10.Rxa8 Bxa8 11.e4 Nf6 12.Nc3 c6 13.d5 cxd5 14.exd5 Bxd5 15.
Nxd5 exd5 16.Ng4 Be7 17.Nxf6+ Bxf6 18.Re1+ Kf8 19.Bxd5 h5 20.Qf3 g6 21.b3 
Kg7 22.bxc4 bxc4 23.Bxc4 Qc7 24.Bd5 Nd7 25.Bf4 Be5 26.Bg5 Nf6 27.Bxf6+ 
Bxf6 28.Rb1 1/2-1/2

[Event "Dresden zt 1.2"]
[Site "Dresden"]
[Date "1998.05.01"]
[Round "4"]
[White "Dautov, Rustem"]
[Black "Sermek, Drazen"]
[Result "1-0"]
[WhiteElo "2600"]
[BlackElo "2510"]
[EventDate "1998.04.28"]
[PlyCount "109"]

1.d4 d5 2.c4 dxc4 3.Nf3 c5 4.d5 e6 5.Nc3 exd5 6.Qxd5 Qxd5 7.Nxd5 Bd6 8.Nd2
Nc6 9.Nxc4 Bb8 10.e4 Nf6 11.Be3 Nxd5 12.exd5 Nb4 13.O-O-O Nxa2+ 14.Kb1 Nb4
15.Bxc5 Bf5+ 16.Ka1 Nc2+ 17.Ka2 Kd7 18.Na5 Bc7 19.Nxb7 Rab8 20.Ba6 Bb6 21.
Ba3 Nxa3 22.Kxa3 Rhc8 23.Rhe1 Bc5+ 24.b4 Bd6 25.Nxd6 Rc3+ 26.Kb2 Rc2+ 27.
Kb3 Kxd6 28.g4 Bg6 29.f4 Rg2 30.f5 Rxg4 31.fxg6 Rgxb4+ 32.Kc3 Rb3+ 33.Kd4 
R3b4+ 34.Bc4 Rc8 35.Rc1 hxg6 36.h3 a5 37.Kd3 a4 38.Ba2 Rxc1 39.Rxc1 Rh4 
40.Rc6+ Ke5 41.d6 Rd4+ 42.Kc3 Rxd6 43.Rxd6 Kxd6 44.Bxf7 Kc5 45.Be8 a3 46.
Kb3 Kd4 47.Kxa3 Ke5 48.Kb3 Kf6 49.Kc4 Kg5 50.Kd5 Kh6 51.Ke6 Kh7 52.Kf7 Kh8
53.Kf8 Kh7 54.Bf7 Kh8 55.Bg8 1-0

[Event "Dresden zt 1.2"]
[Site "Dresden"]
[Date "1998.05.01"]
[Round "4"]
[White "Dizdar, Goran"]
[Black "Wahls, Matthias"]
[Result "1/2-1/2"]
[WhiteElo "2530"]
[BlackElo "2605"]
[EventDate "1998.04.28"]
[PlyCount "53"]

1.d4 Nf6 2.Nf3 e6 3.c4 Bb4+ 4.Nbd2 O-O 5.e3 d5 6.a3 Be7 7.b4 a5 8.b5 c5 9.
bxc6 bxc6 10.c5 Nbd7 11.Bb2 Ng4 12.Qc2 f5 13.h3 Ngf6 14.Ng5 Nb8 15.Be2 h6 
16.Ngf3 Nbd7 17.O-O Qc7 18.Ne1 Ne4 19.Nd3 Nxd2 20.Qxd2 Ba6 21.Nf4 Rf6 22.
Bxa6 Rxa6 23.Nd3 Ra7 24.Bc3 Rf8 25.Rab1 Bd8 26.f3 Qc8 27.Rb2 1/2-1/2

[Event "Dresden zt 1.2"]
[Site "Dresden"]
[Date "1998.05.01"]
[Round "4"]
[White "Pelletier, Yannick"]
[Black "Huzman, Alexander"]
[Result "1/2-1/2"]
[WhiteElo "2515"]
[BlackElo "2610"]
[EventDate "1998.04.28"]
[PlyCount "27"]

1.d4 Nf6 2.c4 g6 3.Nc3 d5 4.cxd5 Nxd5 5.e4 Nxc3 6.bxc3 Bg7 7.Nf3 c5 8.Rb1 
O-O 9.Be2 Nc6 10.d5 Ne5 11.Nxe5 Bxe5 12.Qd2 e6 13.f4 Bc7 14.O-O 1/2-1/2

[Event "Dresden zt 1.2"]
[Site "Dresden"]
[Date "1998.05.01"]
[Round "4"]
[White "Sokolov, Ivan"]
[Black "Kortschnoj, Viktor"]
[Result "1-0"]
[WhiteElo "2625"]
[BlackElo "2625"]
[EventDate "1998.04.28"]
[PlyCount "103"]

1.d4 Nf6 2.c4 e6 3.Nc3 Bb4 4.Qc2 d5 5.cxd5 Qxd5 6.Nf3 Qf5 7.Qd1 c5 8.e3 
cxd4 9.exd4 Ne4 10.Bd2 Nc6 11.Bd3 Nxc3 12.Bxc3 Qa5 13.O-O O-O 14.Qc2 h6 
15.Bh7+ Kh8 16.Be4 Bd7 17.Qb3 Bxc3 18.bxc3 Qc7 19.Rab1 Rab8 20.Qa3 Kg8 21.
c4 Na5 22.Rfc1 Nxc4 23.Qxa7 Qa5 24.Rxb7 Rxb7 25.Qxb7 Nd6 26.Qxd7 Nxe4 27.
Rc8 g5 28.Rxf8+ Kxf8 29.Qc8+ Kg7 30.Qb7 Nd6 31.Qb1 Nb5 32.h3 Nc3 33.Qb2 
Nd1 34.Qa1 Nc3 35.Qe1 Qa3 36.Qe5+ Kg8 37.Qe3 Qb2 38.h4 Ne2+ 39.Kh2 g4 40.
Ne5 Nxd4 41.Nxg4 Nf5 42.Nxh6+ Nxh6 43.Qxh6 Qxf2 44.a4 Qd4 45.Qg5+ Kh7 46.
a5 f6 47.Qg3 Kh6 48.a6 e5 49.Qf3 Kg6 50.h5+ Kh6 51.Kh3 Kg5 52.g4 1-0

[Event "Dresden zt 1.2"]
[Site "Dresden"]
[Date "1998.05.01"]
[Round "4"]
[White "Stanec, Nikolaus"]
[Black "Kurajica, Bojan"]
[Result "1/2-1/2"]
[WhiteElo "2485"]
[BlackElo "2580"]
[EventDate "1998.04.28"]
[PlyCount "39"]

1.Nf3 Nf6 2.c4 e6 3.g3 d5 4.Bg2 c6 5.Qc2 Nbd7 6.O-O b5 7.d3 Bb7 8.Nbd2 Bd6
9.b3 O-O 10.Bb2 a5 11.e4 dxe4 12.Nxe4 Be7 13.Ne5 Nxe5 14.Bxe5 Ng4 15.Bb2 
a4 16.Rad1 axb3 17.axb3 Nh6 18.d4 bxc4 19.bxc4 Qa5 20.Rfe1 1/2-1/2

[Event "Dresden zt 1.2"]
[Site "Dresden"]
[Date "1998.05.01"]
[Round "4"]
[White "Zelcic, Robert"]
[Black "Jacimovic, Dragoljub"]
[Result "1/2-1/2"]
[WhiteElo "2540"]
[BlackElo "2480"]
[EventDate "1998.04.28"]
[PlyCount "92"]

1.e4 e6 2.d4 d5 3.Nc3 Nc6 4.Nge2 Bb4 5.a3 Bxc3+ 6.Nxc3 dxe4 7.d5 exd5 8.
Qxd5 Be6 9.Qxe4 Nf6 10.Qh4 Qd4 11.Bg5 O-O-O 12.Qxd4 Nxd4 13.O-O-O h6 14.
Be3 Nc6 15.Bb5 Bd7 16.h3 a6 17.Bc4 Be6 18.Bxe6+ fxe6 19.Rxd8+ Rxd8 20.Re1 
Re8 21.Bd2 Kd7 22.Ne4 Nxe4 23.Rxe4 Ke7 24.Rg4 Kf7 25.Bc3 Rg8 26.Rg3 e5 27.
Re3 Re8 28.Re4 g5 29.h4 Kf6 30.hxg5+ hxg5 31.Re3 g4 32.Re1 Rf8 33.Re2 Kf5 
34.Kd2 Rd8+ 35.Ke3 Ne7 36.Re1 Nd5+ 37.Ke2 Nxc3+ 38.bxc3 Rd5 39.Rh1 Rc5 40.
Kd3 b5 41.Rh5+ Kg6 42.Rh8 Rc4 43.Ra8 Ra4 44.Rc8 Rc4 45.Ra8 Ra4 46.Rc8 Rc4 
1/2-1/2

[Event "Dresden zt 1.2"]
[Site "Dresden"]
[Date "1998.05.02"]
[Round "5"]
[White "Baumegger, Siegfried"]
[Black "Pavasovic, Dusko"]
[Result "1/2-1/2"]
[WhiteElo "2495"]
[BlackElo "2505"]
[EventDate "1998.04.28"]
[PlyCount "98"]

1.d4 d5 2.c4 e6 3.Nf3 c6 4.e3 Nd7 5.Bd3 dxc4 6.Bxc4 b5 7.Bd3 Bb7 8.O-O a6 
9.a4 Ngf6 10.e4 Be7 11.e5 Nd5 12.Nc3 b4 13.Nxd5 cxd5 14.a5 h6 15.Bd2 Bc6 
16.Qe2 Qc8 17.Rfc1 Nb8 18.Ne1 g6 19.b3 Kf8 20.Nc2 Qb7 21.Qe1 Kg7 22.Bxb4 
Bg5 23.Bd2 Be7 24.Qe2 Bd7 25.b4 Rc8 26.g3 Ra7 27.h4 h5 28.Kg2 Bc6 29.g4 
Rh8 30.Bg5 Bxg5 31.hxg5 h4 32.Rh1 Be8 33.Kh3 Qc8 34.Qd2 Rc7 35.Rhc1 Nc6 
36.Be2 Qb7 37.b5 axb5 38.Nb4 Qa7 39.Nxc6 Bxc6 40.Rc5 Bd7 41.Rxc7 Qxc7 42.
Rc1 Qa7 43.Qb4 Ra8 44.Ra1 Qc7 45.Bd3 Rc8 46.Kxh4 Qc3 47.Qxc3 Rxc3 48.Bf1 
b4 49.a6 Ra3 1/2-1/2

[Event "Dresden zt 1.2"]
[Site "Dresden"]
[Date "1998.05.02"]
[Round "5"]
[White "Jacimovic, Dragoljub"]
[Black "Pelletier, Yannick"]
[Result "1/2-1/2"]
[WhiteElo "2480"]
[BlackElo "2515"]
[EventDate "1998.04.28"]
[PlyCount "42"]

1.d4 Nf6 2.c4 e6 3.Nc3 Bb4 4.Qc2 O-O 5.Nf3 c5 6.dxc5 Na6 7.Bd2 Nxc5 8.g3 
b6 9.Bg2 Bb7 10.O-O Nce4 11.Nxe4 Bxe4 12.Qa4 Bxd2 13.Nxd2 Bxg2 14.Kxg2 Qc7
15.Rfe1 Rfc8 16.Rac1 Qe5 17.Qa3 Rc5 18.Qc3 Qxc3 19.Rxc3 d5 20.Rec1 Rac8 
21.e3 dxc4 1/2-1/2

[Event "Dresden zt 1.2"]
[Site "Dresden"]
[Date "1998.05.02"]
[Round "5"]
[White "Jelen, Igor"]
[Black "Atlas, Dimitry"]
[Result "1-0"]
[WhiteElo "2430"]
[BlackElo "2315"]
[EventDate "1998.04.28"]
[PlyCount "65"]

1.d4 d5 2.c4 c6 3.Nc3 Nf6 4.e3 g6 5.Nf3 Bg7 6.Be2 O-O 7.O-O Bg4 8.cxd5 
cxd5 9.Qb3 Bc8 10.Bd2 Nc6 11.Rfc1 e6 12.Rc2 Re8 13.Rac1 Bf8 14.a3 Bd6 15.
Nb5 Bb8 16.Ne5 Ne4 17.Be1 Bxe5 18.dxe5 a6 19.f3 axb5 20.fxe4 dxe4 21.Bxb5 
Qb6 22.Rc5 Bd7 23.Qd1 Qd8 24.Qg4 Qe7 25.Bh4 Qf8 26.Qxe4 Rac8 27.b4 Ra8 28.
Qd3 Bc8 29.Bf6 Qh6 30.R5c4 Qh5 31.Rh4 Nxe5 32.Bxe5 Qxh4 33.Bxe8 1-0

[Event "Dresden zt 1.2"]
[Site "Dresden"]
[Date "1998.05.02"]
[Round "5"]
[White "Kurajica, Bojan"]
[Black "Soln, Primoz"]
[Result "0-1"]
[WhiteElo "2580"]
[BlackElo "2350"]
[EventDate "1998.04.28"]
[PlyCount "48"]

1.Nf3 d5 2.e3 c6 3.c4 Nf6 4.Qc2 e6 5.b3 Bd6 6.Bb2 O-O 7.Nc3 Nbd7 8.Be2 Re8
9.O-O dxc4 10.bxc4 e5 11.Ng5 Nc5 12.d4 exd4 13.exd4 Ne6 14.Nce4 Nxe4 15.
Nxe4 Nf4 16.Bf3 Bf5 17.Rfe1 Qh4 18.g3 Nh3+ 19.Kf1 Qh6 20.Qc1 Bf4 21.Qd1 
Rxe4 22.Bxe4 Nxf2 23.Qf3 Nxe4 24.Qxf4 Qxh2 0-1

[Event "Dresden zt 1.2"]
[Site "Dresden"]
[Date "1998.05.02"]
[Round "5"]
[White "Mohr, Georg"]
[Black "Cvitan, Ognjen"]
[Result "1/2-1/2"]
[WhiteElo "2455"]
[BlackElo "2560"]
[EventDate "1998.04.28"]
[PlyCount "21"]

1.e4 c5 2.Nf3 d6 3.c3 Nf6 4.Be2 g6 5.O-O Bg7 6.Bb5+ Bd7 7.Bxd7+ Qxd7 8.Re1
Nc6 9.d4 cxd4 10.cxd4 d5 11.e5 1/2-1/2

[Event "Dresden zt 1.2"]
[Site "Dresden"]
[Date "1998.05.02"]
[Round "5"]
[White "Nedev, Trajce"]
[Black "Jussupow, Artur"]
[Result "0-1"]
[WhiteElo "2405"]
[BlackElo "2630"]
[EventDate "1998.04.28"]
[PlyCount "130"]

1.e4 e6 2.d4 d5 3.Nd2 c5 4.Ngf3 Nc6 5.exd5 exd5 6.Bb5 Bd6 7.dxc5 Bxc5 8.
O-O Ne7 9.Nb3 Bd6 10.Bxc6+ bxc6 11.Qd4 O-O 12.Bf4 Nf5 13.Qa4 a5 14.Rfe1 
Be6 15.Rad1 c5 16.Bxd6 Qxd6 17.Ne5 Rfb8 18.c4 Rb4 19.Qc6 Qxc6 20.Nxc6 Rxc4
21.Nbxa5 Rc2 22.b4 Rxa2 23.bxc5 R2xa5 24.Nxa5 Rxa5 25.Rxd5 Kf8 26.Rdd1 
Rxc5 27.Rc1 Rd5 28.Red1 Nd4 29.Kh1 Ke7 30.Rc4 Ne2 31.Rxd5 Bxd5 32.Rc2 Nf4 
33.f3 g5 34.Kg1 h5 35.Kf2 Ke6 36.Rc8 Kf5 37.Rd8 Be6 38.Ra8 Nd3+ 39.Ke2 Ne5
40.Rh8 h4 41.Rd8 Bd7 42.Rb8 Bc6 43.Rb3 Bd5 44.Ra3 h3 45.gxh3 Kf4 46.Ra4+ 
Bc4+ 47.Kf2 f6 48.Ra3 Bb5 49.Rb3 Nd3+ 50.Kg2 Bc4 51.Rc3 Ne5 52.Ra3 Bd5 53.
Ra4+ Ke3 54.Kg3 f5 55.Ra3+ Nd3 56.h4 gxh4+ 57.Kxh4 Bxf3 58.Kg5 Be4 59.Ra6 
f4 60.Rf6 f3 61.h4 f2 62.Rxf2 Nxf2 63.h5 Kf3 64.Kf6 Kf4 65.h6 Nh3 0-1

[Event "Dresden zt 1.2"]
[Site "Dresden"]
[Date "1998.05.02"]
[Round "5"]
[White "Psakhis, Lev"]
[Black "Ekstroem, Roland"]
[Result "1-0"]
[WhiteElo "2565"]
[BlackElo "2490"]
[EventDate "1998.04.28"]
[PlyCount "81"]

1.c4 Nf6 2.Nc3 e5 3.Nf3 Nc6 4.g3 g6 5.d4 exd4 6.Nxd4 Bg7 7.Nxc6 bxc6 8.Bg2
O-O 9.O-O Rb8 10.Qa4 a6 11.Qa5 Bb7 12.c5 d6 13.Rd1 Qe7 14.Bf4 Nd5 15.Nxd5 
cxd5 16.cxd6 cxd6 17.Rd2 Rfd8 18.Rc1 Rbc8 19.Rdc2 Rxc2 20.Rxc2 Rc8 21.
Rxc8+ Bxc8 22.Qb6 Bf8 23.Qb8 Bg4 24.Bh6 Bxe2 25.Bf1 Bxf1 26.Kxf1 d4 27.
Qxf8+ Qxf8 28.Bxf8 Kxf8 29.Ke2 Ke7 30.Kd3 Kd7 31.Kxd4 Kc6 32.b3 h5 33.h4 
f6 34.f3 g5 35.f4 g4 36.f5 Kb5 37.Kd5 Kb4 38.Kxd6 Ka3 39.Ke6 Kxa2 40.Kxf6 
Kxb3 41.Kg5 1-0

[Event "Dresden zt 1.2"]
[Site "Dresden"]
[Date "1998.05.02"]
[Round "5"]
[White "Rogic, Davor"]
[Black "Zelcic, Robert"]
[Result "0-1"]
[WhiteElo "2445"]
[BlackElo "2540"]
[EventDate "1998.04.28"]
[PlyCount "80"]

1.e4 c6 2.d4 d5 3.Nd2 dxe4 4.Nxe4 Bf5 5.Ng3 Bg6 6.h4 h6 7.Nf3 Nd7 8.h5 Bh7
9.Bd3 Bxd3 10.Qxd3 Qc7 11.Bd2 e6 12.O-O-O O-O-O 13.Kb1 Ngf6 14.Ne4 Nxe4 
15.Qxe4 Nf6 16.Qe2 c5 17.Rh4 Kb8 18.dxc5 Bxc5 19.Rc4 Qe7 20.Ne5 Rd5 21.Nd3
Bd6 22.g4 e5 23.f3 Rd8 24.Re1 Qe6 25.a4 a6 26.Bc3 Re8 27.Qf1 Qd7 28.Nb4 
Bxb4 29.Rxb4 Re6 30.f4 exf4 31.Qxf4+ Ka8 32.Rxe6 Rd1+ 33.Ka2 Qxe6+ 34.Rb3 
Nd5 35.Qf3 Rg1 36.Bd2 Rxg4 37.Kb1 Rg1+ 38.Ka2 Qc6 39.Qxf7 Qxa4+ 40.Ra3 
Qc4+ 0-1

[Event "Dresden zt 1.2"]
[Site "Dresden"]
[Date "1998.05.02"]
[Round "5"]
[White "Rogulj, Branko"]
[Black "Gallagher, Joseph G"]
[Result "0-1"]
[WhiteElo "2430"]
[BlackElo "2490"]
[EventDate "1998.04.28"]
[PlyCount "167"]

1.e4 c5 2.Nf3 d6 3.c3 Nf6 4.h3 Nc6 5.Bd3 g6 6.O-O Bg7 7.Bc2 O-O 8.d4 cxd4 
9.cxd4 e5 10.dxe5 dxe5 11.Nc3 Be6 12.Bg5 Qa5 13.Nd5 Nxd5 14.exd5 Bxd5 15.
Re1 h6 16.Bd2 Bxf3 17.gxf3 Qd8 18.Be3 Nd4 19.Be4 Qd7 20.Bxd4 exd4 21.Kg2 
Rfe8 22.Qb3 Re5 23.f4 Rb5 24.Qc2 Rc8 25.Qd2 Rcc5 26.Re2 Rh5 27.Qd3 Rh4 28.
Qg3 Rhh5 29.Rae1 Rhg5 30.fxg5 Rxg5 31.Qxg5 hxg5 32.Bf3 d3 33.Re8+ Kh7 34.
R1e7 Qf5 35.Be4 Qf4 36.Bxd3 Bd4 37.Re2 g4 38.hxg4 Qxg4+ 39.Kh2 Qh4+ 40.Kg2
Qg4+ 41.Kh2 Bc5 42.Be4 Bd6+ 43.Kh1 f5 44.Bxb7 Qh3+ 45.Kg1 Bh2+ 46.Kh1 Be5+
47.Kg1 Bh2+ 48.Kh1 Bd6+ 49.Kg1 f4 50.Bg2 Qh5 51.R2e6 Qg4 52.Rf6 Qd1+ 53.
Bf1 Qd4 54.Rf7+ Kh6 55.Rd8 Qe5 56.Bg2 Qe1+ 57.Bf1 Qe6 58.Rh8+ Kg5 59.Rhh7 
Bc5 60.Rc7 Qg4+ 61.Bg2 Qd1+ 62.Bf1 Qd4 63.Rxc5+ Qxc5 64.b4 Qxb4 65.Rxa7 f3
66.Rf7 Qg4+ 67.Kh2 Qh4+ 68.Kg1 Qe4 69.Rh7 Kf6 70.Rh3 g5 71.Rh6+ Kg7 72.Ra6
Qg4+ 73.Kh2 Qd4 74.Kg1 g4 75.Ra3 Kg6 76.Rd3 Qe4 77.Ra3 Qb1 78.Ra6+ Kg5 79.
Ra8 Kh4 80.Ra4 Kg5 81.Ra5+ Kf6 82.Ra4 Kf5 83.Ra5+ Ke6 84.Ra6+ 0-1

[Event "Dresden zt 1.2"]
[Site "Dresden"]
[Date "1998.05.02"]
[Round "5"]
[White "Sermek, Drazen"]
[Black "Huzman, Alexander"]
[Result "1-0"]
[WhiteElo "2510"]
[BlackElo "2610"]
[EventDate "1998.04.28"]
[PlyCount "67"]

1.e4 e6 2.d4 d5 3.Nd2 c5 4.exd5 Qxd5 5.Ngf3 cxd4 6.Bc4 Qd6 7.Qe2 Nc6 8.Ne4
Qc7 9.O-O Nf6 10.Rd1 Be7 11.Nxd4 O-O 12.Nxc6 bxc6 13.Bg5 Nd5 14.Bxe7 Qxe7 
15.Qd2 Rb8 16.b3 Qc7 17.Qd4 Qb6 18.Qe5 f6 19.Qd6 Rd8 20.Qg3 Kh8 21.Bxd5 
exd5 22.Nd6 Kg8 23.c4 Qb4 24.c5 Bg4 25.Qe3 Bh5 26.Rac1 Qa3 27.Qe6+ Kh8 28.
g4 Bg6 29.h4 Qxa2 30.h5 Re8 31.Nxe8 Bxe8 32.Re1 h6 33.Qd6 Rc8 34.Qf8+ 1-0

[Event "Dresden zt 1.2"]
[Site "Dresden"]
[Date "1998.05.03"]
[Round "6"]
[White "Atlas, Dimitry"]
[Black "Uhlmann, Wolfgang"]
[Result "1/2-1/2"]
[WhiteElo "2315"]
[BlackElo "2495"]
[EventDate "1998.04.28"]
[PlyCount "24"]

1.e4 e6 2.d4 d5 3.exd5 exd5 4.Nf3 Nf6 5.Bd3 Bg4 6.O-O Be7 7.h3 Bh5 8.Re1 
O-O 9.Bg5 Nbd7 10.Nbd2 Re8 11.g4 Bg6 12.Bxg6 hxg6 1/2-1/2

[Event "Dresden zt 1.2"]
[Site "Dresden"]
[Date "1998.05.03"]
[Round "6"]
[White "Baumegger, Siegfried"]
[Black "Rogulj, Branko"]
[Result "0-1"]
[WhiteElo "2495"]
[BlackElo "2430"]
[EventDate "1998.04.28"]
[PlyCount "106"]

1.Nf3 Nf6 2.g3 g6 3.Bg2 Bg7 4.O-O O-O 5.d3 c5 6.e4 Nc6 7.Nc3 d6 8.Re1 Bg4 
9.h3 Bxf3 10.Bxf3 Rb8 11.a4 a6 12.Bg2 b5 13.axb5 axb5 14.Nd5 b4 15.Ra6 Nd4
16.Bg5 Ne6 17.Bxf6 Bxf6 18.Nxf6+ exf6 19.Qd2 Ra8 20.Rea1 Rxa6 21.Rxa6 Qc7 
22.c3 Rb8 23.h4 bxc3 24.bxc3 h5 25.Bh3 Ng7 26.Qa2 Rb6 27.Ra8+ Rb8 28.Bd7 
Qb7 29.Rxb8+ Qxb8 30.Bc6 f5 31.Bd5 Qe8 32.Qa6 Qe7 33.Qc8+ Kh7 34.Qb7 Qxb7 
35.Bxb7 fxe4 36.dxe4 Ne8 37.Kf1 Kg7 38.Ke2 Kf6 39.Kd3 Ke7 40.f3 Nf6 41.Bc8
d5 42.exd5 Nxd5 43.Bb7 Kd6 44.c4 Ne7 45.Be4 Ke5 46.Ke3 Nf5+ 47.Bxf5 Kxf5 
48.Kd3 f6 49.Ke3 g5 50.Ke2 gxh4 51.gxh4 Kf4 52.Kf2 f5 53.Ke2 Kg3 0-1

[Event "Dresden zt 1.2"]
[Site "Dresden"]
[Date "1998.05.03"]
[Round "6"]
[White "Burovic, Ismet"]
[Black "Kurajica, Bojan"]
[Result "0-1"]
[WhiteElo "2295"]
[BlackElo "2580"]
[EventDate "1998.04.28"]
[PlyCount "70"]

1.e4 c5 2.d3 d5 3.Nd2 e5 4.Ngf3 Nc6 5.g3 Nf6 6.Bg2 g6 7.O-O Bg7 8.c3 O-O 
9.Qb3 b6 10.exd5 Na5 11.Qa4 Nxd5 12.Nc4 e4 13.Ng5 exd3 14.Nxa5 bxa5 15.Rd1
Ba6 16.Qc6 Nb6 17.Qxc5 a4 18.Ne4 Nc4 19.Qc6 Qa5 20.Rxd3 Rac8 21.Qd5 Qb6 
22.Qg5 f5 23.Nd2 Nxb2 24.Rd7 Rce8 25.Bd5+ Kh8 26.Nf3 Qb5 27.Bxb2 Qxd7 28.
Rd1 Be2 29.Rd2 h6 30.Qf4 g5 31.Nxg5 hxg5 32.Qxg5 Qd8 33.Qf4 Qb6 34.c4 Bxb2
35.c5 Qf6 0-1

[Event "Dresden zt 1.2"]
[Site "Dresden"]
[Date "1998.05.03"]
[Round "6"]
[White "Cvitan, Ognjen"]
[Black "Sermek, Drazen"]
[Result "1-0"]
[WhiteElo "2560"]
[BlackElo "2510"]
[EventDate "1998.04.28"]
[PlyCount "125"]

1.d4 d5 2.c4 dxc4 3.e3 c5 4.Bxc4 cxd4 5.exd4 Qc7 6.Qb3 e6 7.Nc3 Nf6 8.Nf3 
Nc6 9.O-O Bd7 10.Be2 Be7 11.Bg5 O-O 12.Rac1 Qb6 13.Qxb6 axb6 14.Rfd1 Rfd8 
15.a3 Be8 16.Be3 Nd5 17.Nxd5 exd5 18.Bf4 Bd6 19.Bxd6 Rxd6 20.Rc3 f6 21.Kf1
Kf8 22.Rb3 Na5 23.Rc3 Nc6 24.h4 Bg6 25.Ng1 Re8 26.f3 Rde6 27.Kf2 Ke7 28.
Nh3 Kd6 29.Nf4 R6e7 30.Bb5 Bf7 31.Rdc1 Rc8 32.Bd3 g6 33.Rb3 Nxd4 34.Rxb6+ 
Rc6 35.Rcxc6+ bxc6 36.Ra6 g5 37.hxg5 fxg5 38.Ne2 Nxe2 39.Bxe2 d4 40.Bd3 
Bg6 41.Bb5 Kc5 42.Bxc6 d3 43.b4+ Kc4 44.Ba4 Re2+ 45.Kg3 Ra2 46.b5 Be8 47.
b6 d2 48.Bb3+ Kxb3 49.b7 d1=Q 50.b8=Q+ Kc3 51.Qxe8 Re2 52.Qc6+ Kb2 53.Rb6+
Ka2 54.Qc4+ Ka1 55.Qc3+ Ka2 56.Kh2 h5 57.Qc4+ Ka1 58.Qc3+ Ka2 59.Rb4 Rc2 
60.Qb3+ Ka1 61.Qe3 g4 62.fxg4 hxg4 63.Qd4+ 1-0

[Event "Dresden zt 1.2"]
[Site "Dresden"]
[Date "1998.05.03"]
[Round "6"]
[White "Ekstroem, Roland"]
[Black "Stanec, Nikolaus"]
[Result "1/2-1/2"]
[WhiteElo "2490"]
[BlackElo "2485"]
[EventDate "1998.04.28"]
[PlyCount "65"]

1.e4 c5 2.c3 e6 3.d4 d5 4.e5 Qb6 5.Nf3 Bd7 6.a3 a5 7.Bd3 Bb5 8.Bxb5+ Qxb5 
9.a4 Qd7 10.Na3 cxd4 11.Qxd4 Nc6 12.Qb6 Bxa3 13.Rxa3 Nge7 14.Bf4 Ra6 15.
Qb5 h6 16.Rb3 Nd8 17.Nd4 Nec6 18.Nxc6 Rxc6 19.O-O Rc4 20.Be3 Rxa4 21.Bb6 
Qxb5 22.Rxb5 O-O 23.Bxa5 Nc6 24.Bc7 Ra7 25.f4 Rc8 26.Bd6 Nd8 27.f5 Nc6 28.
fxe6 fxe6 29.h3 Nb8 30.Rb4 Nc6 31.Rbf4 Ra2 32.b4 Re2 33.Rf8+ 1/2-1/2

[Event "Dresden zt 1.2"]
[Site "Dresden"]
[Date "1998.05.03"]
[Round "6"]
[White "Lutz, Christopher"]
[Black "Dizdarevic, Emir"]
[Result "1/2-1/2"]
[WhiteElo "2595"]
[BlackElo "2540"]
[EventDate "1998.04.28"]
[PlyCount "72"]

1.e4 c6 2.d4 d5 3.e5 Bf5 4.Nf3 e6 5.Be2 Ne7 6.O-O Bg6 7.c3 Nf5 8.Qb3 b6 9.
Bf4 Be7 10.Nbd2 O-O 11.c4 a5 12.cxd5 a4 13.Qc3 cxd5 14.a3 b5 15.g4 Nh4 16.
Nxh4 Bxh4 17.Rac1 Be7 18.Be3 Ra7 19.f4 Qd7 20.Bf2 Rb7 21.Qh3 b4 22.Rce1 
bxa3 23.bxa3 Nc6 24.Be3 f5 25.exf6 Bxf6 26.Bd1 Na5 27.f5 exf5 28.gxf5 Nb3 
29.Bg4 h5 30.Bxh5 Bxh5 31.Qxh5 Nxd2 32.Bxd2 Bxd4+ 33.Kh1 Rb6 34.Bb4 Rf7 
35.Qg4 Bf6 36.Rf3 Be7 1/2-1/2

[Event "Dresden zt 1.2"]
[Site "Dresden"]
[Date "1998.05.03"]
[Round "6"]
[White "Pavasovic, Dusko"]
[Black "Jelen, Igor"]
[Result "0-1"]
[WhiteElo "2505"]
[BlackElo "2430"]
[EventDate "1998.04.28"]
[PlyCount "118"]

1.e4 c5 2.b3 Nc6 3.Bb2 e5 4.f4 d6 5.Nf3 exf4 6.Bb5 Bd7 7.O-O Nf6 8.Qe2 Be7
9.Bxc6 Bxc6 10.e5 Bxf3 11.Qxf3 dxe5 12.Qxb7 Nd7 13.Na3 O-O 14.Nc4 f6 15.
Rf3 Nb6 16.Rd3 Qe8 17.Nxb6 axb6 18.Qxb6 Qc8 19.Qb5 Qe6 20.Qd7 Kf7 21.Qxe6+
Kxe6 22.Rh3 Rh8 23.a4 h5 24.Rc3 g5 25.Ba3 Rhc8 26.Re1 f5 27.Rc4 Bd6 28.d3 
Rab8 29.Ra1 Kd5 30.a5 Rc6 31.Bb2 Ra6 32.Rca4 h4 33.Bc3 Rb7 34.Kf2 Kc6 35.
Re1 Kd5 36.Rea1 g4 37.Rh1 Rh7 38.h3 Kc6 39.Bd2 Ra8 40.a6 Kb6 41.Ba5+ Kb5 
42.c4+ Kc6 43.Bc3 g3+ 44.Ke2 Rha7 45.Rha1 Rb8 46.R4a3 Rg8 47.Kf3 Re8 48.
Re1 Rae7 49.a7 e4+ 50.Ke2 Kb7 51.dxe4 fxe4 52.Rd1 Bc7 53.Ba5 Ka8 54.Bxc7 
Rxc7 55.Rd5 Rf7 56.Ra1 f3+ 57.gxf3 exf3+ 58.Kf1 g2+ 59.Kg1 Re1+ 0-1

[Event "Dresden zt 1.2"]
[Site "Dresden"]
[Date "1998.05.03"]
[Round "6"]
[White "Sutovsky, Emil"]
[Black "Psakhis, Lev"]
[Result "1/2-1/2"]
[WhiteElo "2595"]
[BlackElo "2565"]
[EventDate "1998.04.28"]
[PlyCount "73"]

1.e4 e5 2.Nf3 Nc6 3.Bb5 Nf6 4.O-O Nxe4 5.d4 Nd6 6.Bxc6 dxc6 7.dxe5 Nf5 8.
Qxd8+ Kxd8 9.Nc3 Ke8 10.Ne2 Ne7 11.h3 Ng6 12.b3 a5 13.a4 Be7 14.Ned4 c5 
15.Nb5 Kd7 16.Bg5 Kc6 17.Bxe7 Nxe7 18.Rad1 Be6 19.Ng5 h6 20.Nxe6 fxe6 21.
Rd3 Rad8 22.Rfd1 Rxd3 23.Rxd3 Nf5 24.g3 h5 25.Kg2 Rf8 26.c4 g5 27.Rd2 Rh8 
28.Kf3 Rf8 29.Ke2 h4 30.g4 Ne7 31.Nc3 Ng6 32.Ne4 Nf4+ 33.Ke3 Ng2+ 34.Ke2 
Nf4+ 35.Ke3 Ng2+ 36.Ke2 Nf4+ 37.Ke3 1/2-1/2

[Event "Dresden zt 1.2"]
[Site "Dresden"]
[Date "1998.05.03"]
[Round "6"]
[White "Zelcic, Robert"]
[Black "Alterman, Boris"]
[Result "1-0"]
[WhiteElo "2540"]
[BlackElo "2615"]
[EventDate "1998.04.28"]
[PlyCount "81"]

1.e4 e5 2.Nf3 Nf6 3.d4 Nxe4 4.dxe5 d5 5.Nbd2 Nxd2 6.Qxd2 Be7 7.Qf4 c5 8.
Qg3 g6 9.Bb5+ Bd7 10.Bxd7+ Qxd7 11.O-O Nc6 12.Bg5 O-O-O 13.Rfe1 Rhe8 14.
Bxe7 Rxe7 15.Re2 Qf5 16.Rae1 Rde8 17.Nh4 Qd7 18.f4 b6 19.Nf3 Kb7 20.Rd2 
Rd8 21.Ng5 Qf5 22.Nxh7 Nd4 23.Qf2 Ne6 24.Rf1 g5 25.Nxg5 Nxg5 26.fxg5 Qxe5 
27.Qf6 Qe3+ 28.Kh1 Rdd7 29.Rdf2 d4 30.b3 a5 31.a4 Re6 32.Qf5 Ka7 33.h3 
Rde7 34.Qg4 Re4 35.Qh5 d3 36.Rf3 dxc2 37.Rxe3 Rxe3 38.Kh2 Rd3 39.Qh7 Rd1 
40.Rxf7 Rh1+ 41.Kg3 1-0

[Event "Dresden zt 1.2"]
[Site "Dresden"]
[Date "1998.05.05"]
[Round "7"]
[White "Alterman, Boris"]
[Black "Huzman, Alexander"]
[Result "1/2-1/2"]
[WhiteElo "2615"]
[BlackElo "2610"]
[EventDate "1998.04.28"]
[PlyCount "37"]

1.d4 Nf6 2.c4 e6 3.Nc3 Bb4 4.Qc2 O-O 5.a3 Bxc3+ 6.Qxc3 b6 7.Bg5 Bb7 8.e3 
d6 9.f3 Nbd7 10.Bd3 c5 11.Ne2 Rc8 12.b4 h6 13.Bh4 d5 14.cxd5 Nxd5 15.Bxd8 
Nxc3 16.Bh4 Nxe2 17.Kxe2 cxd4 18.exd4 Nf6 19.Rac1 1/2-1/2

[Event "Dresden zt 1.2"]
[Site "Dresden"]
[Date "1998.05.05"]
[Round "7"]
[White "Atlas, Dimitry"]
[Black "Baumegger, Siegfried"]
[Result "1/2-1/2"]
[WhiteElo "2315"]
[BlackElo "2495"]
[EventDate "1998.04.28"]
[PlyCount "122"]

1.e4 e6 2.d4 d5 3.exd5 exd5 4.Nf3 Bd6 5.Bd3 Nc6 6.O-O Nge7 7.c3 Bg4 8.Nbd2
Qd7 9.b4 O-O 10.Qc2 Bf5 11.Re1 Bxd3 12.Qxd3 Ng6 13.Nf1 a6 14.a4 Rfe8 15.
Bd2 Rxe1 16.Rxe1 Nce7 17.a5 f6 18.Ng3 Kf7 19.Bc1 Rh8 20.Bd2 h5 21.Nf1 c6 
22.c4 Bc7 23.Rb1 dxc4 24.Qxc4+ Qd5 25.Ne3 Qxc4 26.Nxc4 Rd8 27.g3 Nf5 28.
Bc3 Nge7 29.Ne3 Bb8 30.Rd1 Ba7 31.Rd3 g5 32.h3 Kg6 33.g4 hxg4 34.hxg4 Nxe3
35.fxe3 Nd5 36.Be1 Re8 37.Kf2 Bb8 38.Ng1 Bd6 39.Rb3 f5 40.gxf5+ Kxf5 41.
Nf3 g4 42.Nd2 Nf6 43.Kg2 Rh8 44.Bg3 Bxg3 45.Kxg3 Rh3+ 46.Kg2 Ne4 47.Nc4 
Rg3+ 48.Kh2 Rf3 49.Kg1 Rg3+ 50.Kh2 Rh3+ 51.Kg2 Ke6 52.Rb2 Nf6 53.Rf2 Nd5 
54.Rf8 Nxb4 55.Re8+ Kd7 56.Rg8 Nd5 57.Ne5+ Kc7 58.Nxg4 Rh7 59.e4 Ne7 60.
Rg5 Rf7 61.Nf2 b6 1/2-1/2

[Event "Dresden zt 1.2"]
[Site "Dresden"]
[Date "1998.05.05"]
[Round "7"]
[White "Dautov, Rustem"]
[Black "Dizdar, Goran"]
[Result "0-1"]
[WhiteElo "2600"]
[BlackElo "2530"]
[EventDate "1998.04.28"]
[PlyCount "106"]

1.d4 d5 2.c4 e6 3.Nf3 Nf6 4.Nc3 Bb4 5.Qa4+ Nc6 6.a3 Bxc3+ 7.bxc3 Ne4 8.Qc2
O-O 9.e3 b6 10.cxd5 exd5 11.Bd3 Bf5 12.c4 Re8 13.cxd5 Qxd5 14.O-O Nd6 15.
Bxf5 Nxf5 16.Bd2 Rac8 17.Rfc1 Nd8 18.Ne5 Nh4 19.f3 c5 20.Qc4 Qxc4 21.Rxc4 
Nf5 22.Kf2 Ne6 23.d5 Nc7 24.Nc6 Nxd5 25.Nxa7 Nd6 26.Rcc1 Rc7 27.e4 Nf6 28.
e5 Nde4+ 29.fxe4 Nxe4+ 30.Ke3 Nxd2 31.Nb5 Rd7 32.Kf4 f6 33.exf6 Rf7 34.Re1
Rxf6+ 35.Kg3 Ne4+ 36.Kg4 Re5 37.h4 h5+ 38.Kh3 Nf2+ 39.Kh2 Ng4+ 40.Kg3 Ref5
41.Rad1 Rg6 42.Rd6 Nf6+ 43.Kh3 Rf2 44.Rg1 Rb2 45.Rxb6 Rg4 46.Rb7 Nd5 47.
Nd6 Nf4+ 48.Kh2 Rxh4+ 49.Kg3 Rg4+ 50.Kf3 Rd2 51.Ne4 Rd3+ 52.Kf2 Rxa3 53.
Nxc5 Nh3+ 0-1

[Event "Dresden zt 1.2"]
[Site "Dresden"]
[Date "1998.05.05"]
[Round "7"]
[White "Dizdarevic, Emir"]
[Black "Cvitan, Ognjen"]
[Result "1/2-1/2"]
[WhiteElo "2540"]
[BlackElo "2560"]
[EventDate "1998.04.28"]
[PlyCount "20"]

1.d4 Nf6 2.c4 g6 3.Nf3 Bg7 4.g3 c6 5.Bg2 d5 6.cxd5 cxd5 7.O-O O-O 8.Ne5 e6
9.Nc3 Nfd7 10.Nxd7 Bxd7 1/2-1/2